000 00820nam a2200217 i 4500
001 63068
003 ES-MaACL
005 20231227193320.0
007 t|
008 031128s1982 sp a |||| | spa d
100 1 _aFernández Viagas, Plácido.
_950153
245 1 0 _aTogas para la libertad /
_cpor Plácido Fernández Viagas ; entrevistas por Lola Cintado ; prólogo, Antonio Hernández Gil ; presentación, Felipe González Márquez.
260 _a[Barcelona] :
_bPlaneta,
_c[1982]
300 _a331 p. :
_bil. ;
_c20 cm.
650 0 4 _aPoder judicial-
_zEspaña.
_916148
650 4 _aAdministración de justicia-
_zEspaña.
_99621
700 1 _aGonzález Márquez, Felipe,
_d1942-
_958780
700 1 _aHernández Gil, Antonio,
_d1915-1994
_962943
852 _aES-MaACL
_jL-2056
999 _c63068
_d63068